Русский язык (Запись № 3644373)
[ простой вид ]
| 000 -МАРКЕР | |
|---|---|
| контрольное поле | 02250nam0a2200421 4500 |
| 001 - ИДЕНТИФИКАТОР ЗАПИСИ | |
| контрольное поле | RU\NLR\bibl\1958035 |
| 005 - ИДЕНТИФИКАТОР ВЕРСИИ | |
| контрольное поле | 20260422171035.0 |
| 010 ## - МЕЖДУНАРОДНЫЙ СТАНДАРТНЫЙ НОМЕР КНИГИ (ISBN) | |
| Номер (ISBN) | 978-5-358-11820-1 |
| Тираж | 1000 |
| 021 ## - НОМЕР ГОСУДАРСТВЕННОЙ РЕГИСТРАЦИИ | |
| Код страны | Российская Федерация |
| Номер | 2012-73849 |
| Номер Листа государственной регистраци | 5466 |
| 035 ## - ДРУГИЕ СИСТЕМНЫЕ НОМЕРА | |
| Идентификатор записи | (NLR Aleph) 001947091 |
| 100 ## - ДАННЫЕ ОБЩЕЙ ОБРАБОТКИ | |
| Данные общей обработки | 20121019d2013 u y0rusy50 ca |
| 101 0# - ЯЗЫК РЕСУРСА | |
| Язык текста, звукозаписи и т.д. | русский |
| 102 ## - СТРАНА ПУБЛИКАЦИИ ИЛИ ПРОИЗВОДСТВА | |
| Страна публикации | Российская Федерация |
| 105 ## - ПОЛЕ КОДИРОВАННЫХ ДАННЫХ: ТЕКСТОВЫЕ МАТЕРИАЛЫ, МОНОГРАФИЧЕСКИЕ | |
| Кодированные данные о монографическом текстовом документе | y ||||||||| |
| 200 1# - ЗАГЛАВИЕ И СВЕДЕНИЯ ОБ ОТВЕТСТВЕННОСТИ | |
| Основное заглавие | Русский язык |
| Сведения, относящиеся к заглавию | 3 класс |
| -- | поурочные разработки к учебнику Т.Г. Рамзаевой |
| -- | методическое пособие |
| Первые сведения об ответственности | В.А. Лебедев, Г.И. Мишуринская |
| 205 ## - СВЕДЕНИЯ ОБ ИЗДАНИИ | |
| Сведения об издании | 3-е изд., стер. |
| 210 ## - ПУБЛИКАЦИЯ, РАСПРОСТРАНЕНИЕ И ДР. | |
| Место издания, распространения и т.д. | Москва |
| Имя издателя, распространителя и т. д. | Дрофа |
| Дата издания, распространения и т.д. | 2013 [т.е. 2012] |
| 215 ## - ФИЗИЧЕСКАЯ ХАРАКТЕРИСТИКА | |
| Специфическое обозначение материала и объем | 237, [2] с. |
| Размеры | 21 |
| 225 1# - СЕРИЯ | |
| Основное заглавие серии | Развитие. Индивидуальность. Творчество. Мышление |
| Сведения, относящиеся к заглавию | РИТМ |
| 225 1# - СЕРИЯ | |
| Основное заглавие серии | ФГОС |
| 225 1# - СЕРИЯ | |
| Основное заглавие серии | Система учебников |
| 300 ## - ОБЩИЕ ПРИМЕЧАНИЯ | |
| Текст примечания | Загл. вып. дан. и корешка: Поурочные разработки к учебнику Т.Г. Рамзаевой "Русский язык. 3 класс" |
| 300 ## - ОБЩИЕ ПРИМЕЧАНИЯ | |
| Текст примечания | Кн. фактически изд. в 2012 г. |
| 422 #0 - ИЗДАНИЕ, К КОТОРОМУ ОТНОСИТСЯ ПРИЛОЖЕНИЕ | |
| Встроенное поле | 2001#$aРусский язык$e3 класс$eучебник |
| -- | 700#1$3RU\NLR\AUTH\772513$aРамзаева$bТ. Г.$f1928-2014$gТамара Григорьевна$4070 |
| Заглавие | Русский язык |
| Автор | Рамзаева, Тамара Григорьевна (1928-2014) |
| 516 0# - ЗАГЛАВИЕ НА КОРЕШКЕ [ИЗДАНИЯ] | |
| Заглавие на корешке | Поурочные разработки к учебнику Т.Г. Рамзаевой "Русский язык. 3 класс" |
| 606 1# - НАИМЕНОВАНИЕ ТЕМЫ КАК ПРЕДМЕТ | |
| Наименование темы | Русский язык |
| Формальный подзаголовок | Методические пособия |
| Тематический подзаголовок | Уроки |
| -- | Планы |
| -- | Начальная школа |
| Системный номер авторитетной/нормативной записи | 1702619 |
| Идентификатор авторитетной/нормативной записи | RU\NLR\auth\661055981 |
| 686 ## - ИНДЕКСЫ ДРУГИХ КЛАССИФИКАЦИЙ | |
| Индекс | Ч426.131(2)-260.21,01я8 |
| 700 #1 - ИМЯ ЛИЦА - ПЕРВИЧНАЯ ОТВЕТСТВЕННОСТЬ | |
| Код отношения | Автор |
| Графика поля | Кириллица |
| Материалы, к которым относится поле | rus |
| Начальный элемент ввода | Лебедев |
| Часть имени, кроме начального элемента ввода | В. А. |
| Дополнения к именам, кроме дат | канд. пед. наук |
| Расширение инициалов личного имени | Владимир Алексеевич |
| Системный номер авторитетной/нормативной записи | 81302 |
| Идентификатор авторитетной/нормативной записи | RU\NLR\auth\7798376 |
| 701 #1 - ИМЯ ЛИЦА - АЛЬТЕРНАТИВНАЯ ОТВЕТСТВЕННОСТЬ | |
| Начальный элемент ввода | Мишуринская |
| Часть имени, кроме начального элемента ввода | Г. И. |
| Расширение инициалов личного имени | Галина Ивановна |
| Код отношения | Автор |
| 801 #0 - ИСТОЧНИК ЗАПИСИ | |
| Страна | Российская Федерация |
| Организация | NLR |
| Дата составления | 20121019 |
| Правила каталогизации | RCR |
| 801 #1 - ИСТОЧНИК ЗАПИСИ | |
| Страна | Российская Федерация |
| Организация | NLR |
| Дата составления | 20121019 |
| 830 ## - ОБЩЕЕ ПРИМЕЧАНИЕ, СОСТАВЛЕННОЕ КАТАЛОГИЗАТОРОМ | |
| Текст примечания | авт. по кн. |
| 942 ## - ДОПОЛНИТЕЛЬНЫЕ ЭЛЕМЕНТЫ ЗАПИСИ (АБИС) | |
| Тип экземпляра АБИС | Книга |
| 980 ## - КОЛЛЕКЦИЯ | |
| Название коллекции | НБР |
| 980 ## - КОЛЛЕКЦИЯ | |
| Название коллекции | Национальная библиография |
Нет доступных экземпляров.